Central Library OPAC University of Rajshahi

A history of Elizabethan literature / (Record no. 76770)

MARC details
000 -LEADER
fixed length control field 01352cam a22002891 4500
001 - CONTROL NUMBER
control field 76770
003 - CONTROL NUMBER IDENTIFIER
rucl marc code BD-RjUL
005 - DATE AND TIME OF LATEST TRANSACTION
control field 20211209082901.0
008 - FIXED-LENGTH DATA ELEMENTS--GENERAL INFORMATION
fixed length control field 200119s1883 enk b 001 0 eng
035 ## - SYSTEM CONTROL NUMBER
System control number (BD-RjUL)76994
040 ## - CATALOGING SOURCE
Original cataloging agency DLC
Transcribing agency OKentU
Modifying agency OCoLC
-- DLC
Language of cataloging eng
041 ## - LANGUAGE CODE
Language code of text/sound track or separate title eng
082 ## - DEWEY DECIMAL CLASSIFICATION NUMBER
Edition number 23
Classification number 820.9
Author mark and year SAH 1893
100 1# - MAIN ENTRY--PERSONAL NAME
Personal name Saintsbury, George,
Dates associated with a name 1845-1933.
9 (RLIN) 237840
245 12 - TITLE STATEMENT
Title A history of Elizabethan literature /
Statement of responsibility, etc. by George Saintsbury.
250 ## - EDITION STATEMENT
Edition statement 2nd.ed. 1890
260 ## - PUBLICATION, DISTRIBUTION, ETC. (IMPRINT)
Place of publication, distribution, etc. London,
-- New York :
Name of publisher, distributor, etc. Macmillan and Co.,
Date of publication, distribution, etc. 1890[1893].
300 ## - PHYSICAL DESCRIPTION
Pagination xiv, 471 p. ;
Size 19 cm.
500 ## - GENERAL NOTE
General note "Intended to form the second volume of a History of English literature divided into four main periods ... The volume on the earliest period of English literature has been undertaken by Mr. Stopford Brooke, the volume dealing with the Literature of the eighteenth century, by Mr. Edmund Gosse and that on Modern literature by Professor Dowden."--Advertisement. Dated 1887.
504 ## - BIBLIOGRAPHY, ETC. NOTE
Bibliography, etc Index I--Bibliographical: p. [463]-467.--Index II--General: p. 468-471.
650 #0 - SUBJECT ADDED ENTRY--TOPICAL TERM
Topical term or geographic name as entry element English literature
Chronological subdivision Early modern, 1500-1700
General subdivision History and criticism.
9 (RLIN) 237841
651 #0 - SUBJECT ADDED ENTRY--GEOGRAPHIC NAME
Geographic name England
General subdivision Intellectual life
Chronological subdivision 16th century.
9 (RLIN) 237842
906 ## - LOCAL DATA ELEMENT F, LDF (RLIN)
a 7
b cbc
c oclcrpl
d u
e ncip
f 19
g y-gencatlg
942 ## - ADDED ENTRY ELEMENTS (KOHA)
Source of classification or shelving scheme Dewey Decimal Classification
Koha item type Books
Holdings
Lost status Source of classification or shelving scheme Damaged status Not for loan Collection code Permanent Location Current Location Shelving location Date acquired Total Checkouts Full call number Date last seen Copy number Koha item type
  Dewey Decimal Classification   Not For Loan Non-fiction Central Library, University of Rajshahi Central Library, University of Rajshahi Reading Room 19/01/2020   820.9 SAH 1893 19/01/2020 C-1 Books